[Event "South Moravia Region-chT 2223"]
[Site "Czech Republic"]
[Date "2023.03.19"]
[Round "10.5"]
[White "Balaz, Frantisek"]
[Black "Tajovsky, Matej"]
[Result "0-1"]
[WhiteElo "1932"]
[BlackElo "2051"]
[PlyCount "88"]
[EventDate "2022.10.09"]
[EventType "team-tourn"]
[EventRounds "11"]
[EventCountry "CZE"]
[SourceTitle "EXT 2024"]
[Source "ChessBase"]
[SourceDate "2023.10.10"]
[SourceVersion "1"]
[SourceVersionDate "2023.10.10"]
[SourceQuality "1"]

1. e4 c5 2. c3 d5 3. exd5 Qxd5 4. d4 Nf6 5. Nf3 Bg4 6. Be2 Nc6 7. 0-0 e6 8. Na3 cxd4 9. Nb5 Rc8 10. Nbxd4 Nxd4 11. cxd4 Be7 12. Qa4+ Nd7 13. h3 Bh5 14. g4 Bg6 15. Ne5 a6 16. Bf3 Qb5 17. Qxb5 axb5 18. Bxb7 Nxe5 19. Bxc8 Nf3+ 20. Kg2 Be4 21. Bf4 0-0 22. Bd7 g5 23. Bc7 Bd5 24. Kg3 Ra8 25. Be5 f6 26. Bxe6+ Bxe6 27. Kxf3 fxe5 28. dxe5 Bxa2 29. Ke4 Ra4+ 30. Kf3 Bc5 31. Rad1 Rf4+ 32. Kg3 Bc4 33. Rh1 Bxf2+ 34. Kg2 Bc5 35. Rhe1 Rf2+ 36. Kh1 Be2 37. Rd8+ Kf7 38. e6+ Ke7 39. Rd7+ Ke8 40. Rf7 Bf3+ 41. Rxf3 Rxf3 42. Re5 Rf1+ 43. Kg2 Rf2+ 44. Kh1 Rh2+ 0-1

[Event "South Moravia Region-chT 2223"]
[Site "Czech Republic"]
[Date "2022.11.13"]
[Round "3.5"]
[White "Urban, Vlastimil"]
[Black "Balaz, Frantisek"]
[Result "0-1"]
[WhiteElo "1902"]
[BlackElo "1894"]
[PlyCount "64"]
[EventDate "2022.10.09"]
[EventType "team-tourn"]
[EventRounds "11"]
[EventCountry "CZE"]
[SourceTitle "EXT 2024"]
[Source "ChessBase"]
[SourceDate "2023.10.10"]
[SourceVersion "1"]
[SourceVersionDate "2023.10.10"]
[SourceQuality "1"]

1. d4 g6 2. c4 Bg7 3. e4 c5 4. d5 d6 5. Bd3 e5 6. Nc3 Ne7 7. Nge2 f5 8. f4 0-0 9. 0-0 a6 10. Rb1 Nd7 11. b4 cxb4 12. Rxb4 Nc5 13. Bc2 Qc7 14. Kh1 fxe4 15. fxe5 Rxf1+ 16. Qxf1 Bxe5 17. Bxe4 Bf5 18. Bxf5 Nxf5 19. Bf4 Qa5 20. Qb1 Re8 21. Bxe5 Rxe5 22. Rb2 Ne3 23. Rd2 Rf5 24. Kg1 Rf1+ 25. Qxf1 Nxf1 26. Kxf1 Qd8 27. Rd4 Qe7 28. Nd1 Qe5 29. h3 Ne4 30. Rd3 Qf5+ 31. Kg1 Nc5 32. Re3 Na4 0-1

[Event "Brno op 9th"]
[Site "Brno"]
[Date "2019.11.09"]
[Round "7"]
[White "Balaz, Frantisek"]
[Black "Spodny, Josef"]
[Result "1-0"]
[WhiteElo "1843"]
[BlackElo "1821"]
[PlyCount "111"]
[EventDate "2019.11.03"]
[EventType "swiss"]
[EventRounds "7"]
[EventCountry "CZE"]
[SourceTitle "CBM 193 Extra"]
[Source "ChessBase"]
[SourceDate "2020.01.31"]
[SourceVersion "1"]
[SourceVersionDate "2020.01.31"]
[SourceQuality "1"]

1. b3 e5 2. Bb2 Nc6 3. e3 d6 4. Bb5 Nf6 5. Ne2 Be7 6. 0-0 0-0 7. Bxc6 bxc6 8. f4 e4 9. d3 Nd5 10. Qd2 exd3 11. cxd3 c5 12. Nbc3 Nxc3 13. Nxc3 Bf6 14. Rae1 Bb7 15. e4 Bd4+ 16. Kh1 Qd7 17. Ne2 Bxb2 18. Qxb2 Qb5 19. Rf3 Rae8 20. Rg3 f6 21. f5 Qd7 22. Qc1 d5 23. Nf4 dxe4 24. Ne6 Rf7 25. dxe4 Rxe6 26. fxe6 Qxe6 27. Qxc5 Bxe4 28. Kg1 c6 29. Qc4 Qxc4 30. bxc4 f5 31. Rd1 Re7 32. Kf2 Kf7 33. Rd6 g6 34. Rb3 Bc2 35. Rb8 Be4 36. Rbd8 a5 37. R6d7 Ke6 38. Rxe7+ Kxe7 39. Ra8 Kd6 40. Rxa5 Bd3 41. c5+ Kd5 42. Ke3 Be4 43. g3 Kc4 44. a3 g5 45. Ra7 Kxc5 46. Rxh7 Kd5 47. Rh8 g4 48. a4 Kc5 49. Rb8 Kd6 50. a5 Kc7 51. Rb6 c5 52. Rf6 Kb7 53. Kd2 c4 54. Kc3 Bd3 55. Kb4 Ka7 56. Rc6 1-0